000 00249nam a2200109Ia 4500
008 190216s9999||||xx |||||||||||||| ||und||
100 _aGlinka N
245 0 _aSamanya Resathanthram
260 _bBhasha Institute
650 _aChemistry
942 _cBK
999 _c38305
_d38305